Najdłuższe nazwy miast w Polsce z unikalnymi literami - Statystyki

Ogólne statystyki
  • Ten quiz został rozwiązany 32 razy
  • Średni wynik to 4 z 18
Statystyki odpowiedzi
Województwo Liter w nazwie Miasto % Poprawnych
Podkarpackie 13 Ustrzyki Dolne
56%
Świętokrzyskie 10 Sandomierz
44%
Pomorskie 11 Kościerzyna
39%
Warmińsko-mazurskie 10 Bartoszyce
33%
Lubelskie 10 Hrubieszów
33%
Lubuskie 13 Szlichtyngowa
33%
Dolnośląskie 10 Brzeg Dolny
28%
Opolskie 12 Gorzów Śląski
22%
Świętokrzyskie 11 Koprzywnica
22%
Świętokrzyskie 10 Skalbmierz
22%
Mazowieckie 10 Szydłowiec
22%
Świętokrzyskie 10 Busko-Zdrój
17%
Dolnośląskie 12 Gryfów Śląski
17%
Lubuskie 10 Skwierzyna
17%
Świętokrzyskie 10 Suchedniów
17%
Śląskie 10 Krzanowice
11%
Łódzkie 10 Lutomiersk
6%
Śląskie 10 Radzionków
6%
Nie znaleziono quizów pasujących do podanych kryteriów
Rozkład punktacji
Procent ludzi z każdym wynikiem
Percentyl według liczby udzielonych odpowiedzi
Twoja historia wyników
Nie rozwiązałeś tego quizu